000 01268cam a2200361 a 4500
001 12031305
003 NUST - PNEC
005 20170116181051.0
008 000605s1999 enka b 001 0 eng d
010 _a 00267440
015 _aGB99-W9540
020 _a075064477X
035 _a(OCoLC)ocm41833029
040 _aUKM
_cLIBRARY
_dC#P
_dDLC
042 _alccopycat
050 0 0 _aHF5549.5.M3
_bH65 1999
082 0 0 _a658.3
_221
100 1 _aHolbeche, Linda.
245 1 0 _aAligning human resources and business strategy /
_cLinda Holbeche.
260 _aOxford ;
_aBoston :
_bButterworth-Heinemann,
_c1999.
300 _axviii, 461 p. :
_bill. ;
_c25 cm.
504 _aIncludes bibliographical references and index.
650 0 _aManagement information system
_911869
_xMIS
650 0 _aStrategic planning.
650 0 _aHuman capital.
650 0 _aOrganizational change.
650 0 _aOrganizational learning.
650 0 _aPersonnel management.
856 4 2 _3Publisher description
_uhttp://www.loc.gov/catdir/enhancements/fy1115/00267440-d.html
906 _a7
_bcbc
_ccopycat
_d2
_encip
_f20
_gy-gencatlg
942 _2ddc
_cBK
999 _c68382
_d68382